|
|
|
|
| LEADER |
01347nam a2200313 a 4500 |
| 001 |
3542487 |
| 008 |
101025r20091998enka b 001 0 eng d |
| 010 |
|
|
|a 97014926
|
| 020 |
|
|
|a 0415278031
|
| 020 |
|
|
|a 9780415278034
|
| 020 |
|
|
|a 0415145988
|
| 040 |
|
|
|a DLC
|c DLC
|d DLC
|d BD-DhAAL
|
| 082 |
0 |
0 |
|a 401/.41
|2 21
|
| 100 |
1 |
|
|a Goddard, Angela,
|d 1954-
|
| 245 |
1 |
4 |
|a The language of advertising :
|b written texts /
|c Angela Goddard.
|
| 250 |
|
|
|a 2nd ed.
|
| 260 |
|
|
|a London ;
|a New York :
|b Routledge,
|c 1998
|g (2009 printing).
|
| 300 |
|
|
|a x, 131 p. :
|b ill. ;
|c 25 cm.
|
| 490 |
1 |
|
|a Intertext
|
| 504 |
|
|
|a Includes bibliographical references (p. 129-131) and index.
|
| 541 |
1 |
|
|e 00021440
|
| 650 |
|
0 |
|a English language
|x Discourse analysis.
|
| 650 |
|
0 |
|a English language
|x Written English.
|
| 650 |
|
0 |
|a Advertising
|x Language.
|
| 830 |
|
0 |
|a Intertext (London, England)
|
| 852 |
4 |
|
|a Ayesha Abed Library
|j General Shelf.
|
| 999 |
|
|
|c 9879
|d 9879
|
| 952 |
|
|
|0 0
|1 0
|2 ddc
|4 0
|6 401_410000000000000_GOD_2009
|7 0
|9 12725
|a BRACUL
|b BRACUL
|c GEN
|d 2010-10-25
|e Karim International
|g 1480.00
|l 2
|m 14
|o 401.41 GOD
|p 3010021440
|r 2015-05-13
|s 2015-01-14
|t 1
|w 2010-10-25
|y BK
|
| 952 |
|
|
|0 0
|1 0
|2 ddc
|4 0
|6 401_410000000000000_GOD_2009
|7 0
|9 12726
|a BRACUL
|b BRACUL
|c GEN
|d 2010-10-25
|e Karim International
|g 1480.00
|l 3
|m 1
|o 401.41 GOD
|p 3010021441
|r 2025-08-07
|s 2025-08-03
|t 2
|w 2010-10-25
|y BK
|